000
00285nam a2200109Ia 4500
008
171211s9999 xx 000 0 und d
245
_a
Ninja Mind Control
245
_c
Ashida Kim
260
_c
2000
650
_x
Martial Arts
856
_u
http://down.ebook777.com/056/9780806509976.pdf
999
_c
348221
_d
348221